[Event "Wisla op"]
[Site "Wisla"]
[Date "2009.05.11"]
[Round "10"]
[White "Koper, Ireneusz"]
[Black "Kujawa, Jozef"]
[Result "1-0"]
[WhiteElo "2030"]
[BlackElo "1904"]
[PlyCount "63"]
[EventDate "2009.05.04"]
[EventType "swiss"]
[EventRounds "11"]
[EventCountry "POL"]
[SourceTitle "EXT 2012"]
[Source "ChessBase"]
[SourceDate "2011.11.24"]
[SourceVersion "1"]
[SourceVersionDate "2011.11.24"]
[SourceQuality "1"]

1. e4 d5 2. exd5 Qxd5 3. Nc3 Qa5 4. Bc4 Nf6 5. d4 Bf5 6. Bd2 Qb6 7. Nf3 Bg4 8. Bxf7+ Kxf7 9. Ne5+ Ke8 10. Nxg4 Qxd4 11. Ne3 c6 12. 0-0 e6 13. Qe2 Kf7 14. Rad1 Bb4 15. Nc4 Nbd7 16. a3 Bxc3 17. Bxc3 Qc5 18. Nd6+ Kg6 19. Qxe6 Rhf8 20. Rd3 h6 21. Ne4 Qb6 22. Rxd7 Rae8 23. Rxg7+ Kxg7 24. Bxf6+ Kg6 25. Be7+ Kg7 26. Bxf8+ Rxf8 27. Rd1 Rf7 28. Rd7 Rxd7 29. Qxd7+ Kg6 30. Qe6+ Kg7 31. Qf6+ Kg8 32. Qe7 1-0

[Event "Wisla op"]
[Site "Wisla"]
[Date "2009.05.09"]
[Round "8"]
[White "Kozlowski, Tomasz"]
[Black "Kujawa, Jozef"]
[Result "1-0"]
[WhiteElo "2007"]
[BlackElo "1904"]
[PlyCount "77"]
[EventDate "2009.05.04"]
[EventType "swiss"]
[EventRounds "11"]
[EventCountry "POL"]
[SourceTitle "EXT 2012"]
[Source "ChessBase"]
[SourceDate "2011.11.24"]
[SourceVersion "1"]
[SourceVersionDate "2011.11.24"]
[SourceQuality "1"]

1. e4 c5 2. Nc3 Nc6 3. g3 d6 4. Bg2 Nd4 5. h3 e5 6. d3 Be6 7. Nge2 h5 8. f4 f6 9. Be3 Qb6 10. 0-0 Be7 11. Nd5 Bxd5 12. exd5 g5 13. fxg5 fxg5 14. c4 0-0-0 15. Nxd4 cxd4 16. Bd2 Nf6 17. b4 g4 18. h4 Rdf8 19. a4 Rf7 20. a5 Qd8 21. Rc1 Rhf8 22. c5 dxc5 23. bxc5 Nxd5 24. Rxf7 Rxf7 25. Qb3 Rf3 26. a6 bxa6 27. Rb1 Nc7 28. Qb7+ Kd7 29. Bxf3 gxf3 30. Qxf3 Bxc5 31. Qxh5 Qg8 32. Qxe5 Qa2 33. Qg7+ Kc6 34. Qf6+ Kd7 35. Rc1 Qxd2 36. Rxc5 Qe1+ 37. Kg2 Qe2+ 38. Qf2 Qxd3 39. Qf7+ 1-0

[Event "IPCA Wch-B 8th"]
[Site "Wisla"]
[Date "2007.05.23"]
[Round "9"]
[White "Jagiela, Piotr"]
[Black "Kujawa, Jozef"]
[Result "1-0"]
[WhiteElo "1938"]
[BlackElo "2062"]
[PlyCount "77"]
[EventDate "2007.05.15"]
[EventType "swiss"]
[EventRounds "9"]
[EventCountry "POL"]
[SourceTitle "EXT 2011"]
[Source "ChessBase"]
[SourceDate "2010.11.26"]
[SourceVersion "1"]
[SourceVersionDate "2010.11.26"]
[SourceQuality "1"]

1. d4 Nf6 2. c4 c5 3. d5 d6 4. Nc3 e5 5. g3 Be7 6. Qc2 Bg4 7. Bg2 Nbd7 8. h3 Bh5 9. g4 Bg6 10. e4 Nb6 11. b3 h5 12. g5 Nh7 13. h4 0-0 14. Be3 f6 15. Nh3 fxg5 16. hxg5 Nxg5 17. 0-0-0 a5 18. a4 Nf3 19. Bxf3 Rxf3 20. Rdg1 Qd7 21. Ng5 Bxg5 22. Rxg5 Rf6 23. Qd1 Raf8 24. Qg1 Kh7 25. Rxg6 Rxg6 26. Rxh5+ Rh6 27. Bxh6 gxh6 28. Qh2 Rf6 29. Nd1 Qg4 30. Ne3 Qf4 31. Qxf4 exf4 32. Nf5 Nd7 33. Kd2 Ne5 34. Ke2 Rg6 35. Nxd6 f3+ 36. Ke3 Rxd6 37. Rxe5 Kg6 38. Kxf3 Rb6 39. Re6+ 1-0